| 000 | 00487nam a2200181Ia 4500 | ||
|---|---|---|---|
| 001 | 8594 | ||
| 005 | 20260306160621.0 | ||
| 008 | 260306t2013||||xx |||||||||||||| ||spa|| | ||
| 041 | _aESP | ||
| 082 |
_a371.2 _bB61 |
||
| 100 |
_aBlase, Joseph _eAUT |
||
| 245 | 0 |
_aEstrategias para una dirección escolar eficaz: _bcómo motivar, inspirar y liderar a los profesores |
|
| 260 | _c2013 | ||
| 300 |
_a159 páginas : _c21 cm. |
||
| 650 | _aGEN | ||
| 654 | _aCED | ||
| 942 |
_cLIB _dJUS _fJUS _2ddc _n |
||
| 999 |
_c8594 _d8594 |
||